000 00933cam a2200301 a 4500
001 1174968
003 URS
005 20260326151013.0
008 961017s1997 ilua b 001 0 eng
010 _a 96210615
020 _a0256161755
020 _a9780256161755
040 _aDLC
_cDLC
_beng
_dURS
_erda
050 1 4 _aHB17.5
_b.H9973 1997
100 1 _aHyman, David N.
245 1 0 _aMicroeconomics /
_cDavid N. Hyman.
250 _aFourth edition-
264 1 _aChicago :
_bIrwin,
_cc1997.
300 _axxiv, 547 pages:
_bcolored illustrations ;
_c26 cm
336 _atext
_btxt
_2rdacontent
337 _aunmediated
_bn
_2rdamedia
338 _avolume
_bnc
_2rdacarrier
440 4 _aThe Irwin series in economics
500 _aIncludes glossary.
504 _aIncludes bibliographical references and index.
650 0 _aMicroeconomics.
942 _2lcc
_cFR
_efourth edition
_hHB171.5
_i.H9973 1997
999 _c99277
_d99274